000 00706nam a22001937a 4500
003 OSt
005 20240604104357.0
008 240604b ||||| |||| 00| 0 eng d
040 _cAIMIT LIBRARY
100 _aC Sarath.
_e2016119
_9169180
245 _aStudy on effectiveness of sales promotion towards baraka overseas traders Ullal Mangalore /
_cBy Sarath C Guided by Ravi Kudtarkar.
260 _aUllal ;
_c2022.
650 _aIndudustry profile company profile and introduction to study
_9169181
650 _aResearch methodology
_9169182
650 _aData analysis and interpretation
_9169183
700 _aKudtarkar, Ravi.
_eGuide
_9169184
856 _3Baraka Oversea Traders
942 _2ddc
_cPRO
999 _c231025
_d231025